000 00691nam a2200229Ii 4500
003 JO-AjNU
005 20240625122835.0
008 230605s9999||||xx |||||||||||||| ||und||
040 _aJO-AjNU
_bara
_erda
_cJO-AjNU
041 _aara
050 1 4 _aPJ7862.A17 2009
100 3 _aتأليف شوقي،أحمد,
_eauthor
_911236
245 0 0 _aأجمل قصائد أمير الشعراء
250 _aط1
264 3 1 _aعمان:دار البيت العتيق الإسلامية،2009
300 _a80ص
336 _atext
_btxt
_2rdacontent
337 _aunmediated
_bn
_2rdamedia
338 _avolume
_bnc
_2rdacarrier
650 4 _aالشعر العربي - مصر
_911237
942 _2lcc
_cBK
999 _c5788
_d5788